000 00729nam a2200253Ia 4500
003 OSt
005 20220918212324.0
006 a|||||r|||| 00| 0
007 ta
008 220917b |||||||| |||| 00| 0 eng d
024 _a128,386
037 _cTextual
040 _aARTS
_cARTS
_beng
041 _2eng
_aeng
082 _aX:1:(S), L5
100 _aDomencich T A
_9123421
245 0 _aUrban travel demand, a behavioural analysis
_b A charles river associates research study
260 _aAmsterdam
_bNorth Holland
_c1975
300 _axv, 215p.
_ccm.
650 _aECONOMICS
700 _a McFadden D
_9123422
942 _hX:1:(S), L5
_cTEXL
_2CC
999 _c251524
_d251524